Lakhanaū kī nagara vadhū /

Saved in:
Bibliographic Details
Main Author: Ruswa, Mirza Mohammad Hadi, 1857-1931
Format: Book
Language:Hindi
Urdu
Published: Naī Dillī : Itihāsa Śodha Saṃsthāna, 1985.
Edition:Saṃskaraṇa, 1985.
LEADER 00985nam a2200253 a 4500
001 c000162144
003 CARM
005 19871214000000.0
008 880105s1985 ii 000 1 hin d
019 1 |a 5628955  |5 LACONCORD2021 
035 |a (OCoLC)220361319  |5 LACONCORD2021 
040 |a VU  |b eng  |c VU 
041 1 |a hin  |h urd 
082 0 4 |a 891.43935  |2 19 
100 1 |a Ruswa, Mirza Mohammad Hadi,  |d 1857-1931. 
240 1 0 |a Umrāʾo Jān Adā.  |l Hindi. 
245 1 0 |a Lakhanaū kī nagara vadhū /  |c Mirja [i.e. Mirza] Hādī Rusavā ; anuvādaka Kr̥shṇadeva Jhārī. 
250 |a Saṃskaraṇa, 1985. 
260 |a Naī Dillī :  |b Itihāsa Śodha Saṃsthāna,  |c 1985. 
300 |a 188 p. ;  |c 19 cm. 
500 |a Translation of : Umrāʾo Jān Adā. 
852 8 |b CARM  |h A2:AG30H0  |i A02873  |p 0214002  |f BK 
999 f f |i 4ab54931-b6f5-5a3f-acb0-2eabe5b40808  |s def37041-a208-5d2d-82c5-baa397292bac 
952 f f |p Can circulate  |a CAVAL  |b CAVAL  |c CAVAL  |d CARM 1 Store  |e A02873  |f A2:AG30H0  |h Other scheme  |i book  |m 0214002